Sobre argumentos presentados en el pleito de la Marquesa de Gelbes con la Condesa de Benavente

Detalles Bibliográficos
Formato: Libro
Publicado: s.l., s.f.
Materias:
Colección:Banco de datos
Acervo:Biblioteca Palafoxiana. Colección de Manuscritos
Descripción Física:0 f. ; 21 x 30 cm.
Tema general:Civil
LEADER 00391nam a22001330004500
035 |a 262 
245 1 0 |a Sobre argumentos presentados en el pleito de la Marquesa de Gelbes con la Condesa de Benavente 
260 |a s.l., s.f. 
300 |a 0 f. ; 21 x 30 cm. 
650 1 0 |a Civil 
949 |a 19264/002 
942 |c PALAMANU 
943 |g Biblioteca Palafoxiana. Colección de Manuscritos 
999 |c 1068207  |d 1068207